| 000 | 00356pam a2200145 a 4500 | ||
|---|---|---|---|
| 020 | _c | ||
| 041 | _aeng | ||
| 082 |
_a050 _bHEN |
||
| 100 |
_aHendler J , _eAuthor . |
||
| 245 |
_aIntelligent Systems _hBound Volumes |
||
| 260 |
_a[s.l]: _bIEEE Computer Society , _c2007. |
||
| 300 |
_a28*20: _bHB. |
||
| 653 | _aGeneral serial publications | ||
| 930 | _a16633 | ||
| 999 |
_c59854 _d59854 |
||